000 00314nam a2200121Ia 4500
008 180205s9999 xx 000 0 und d
020 _a9781305258723
100 _aLong, Ben
245 _aComplete digital photography /
250 _a8th ed
260 _aUSA :
_bCengage learning
_c2015
300 _aviii, 598 pages
999 _c354934
_d354934